LEADER 01177nam a2200277 u 4500 001 000000026799 003 CaOOAMICUS 005 20070226111622.0 008 951120s1995 it u000 u ita u 035 $a10693426 040 $aBAV$bita$dPUL(R) 100 1 $aPelacani, Biagio,$d1347-1416.$0(OLS)http://pul/name/21990 245 10$aQuaestiones de anima :$balle origini del libertinismo /$cBiagio Pelacani da Parma ; a cura di Valeria Sorge. 260 $aNapoli :$bMorano,$cc1995. 300 $a193 p. ;$c24 cm 490 1 $aNobiltà dello spirito.$aNuova serie ;$v37 500 $aContiene indici. 504 $aBibliografia p. 53-60 e in nota. 700 1 $aSorge, Valeria,$d1957-2021.$0(OLS)http://pul/name/44127 830 0$aNobiltà dello spirito.$pNuova serie ;$v37.$0(OLS)http://pul/title/36742 850 $aPUL 852 $aPUL$W1$xSL Filosofia 1$y2$m82 F 66$j37402$nBK-PRI$b $qStampati$B37402$CPULBib$Z2$F37402 $H $81 941 1 $a8 961 $aINV: 73856 996 $6245$aQuaestiones de anima :$balle origini del libertinismo$9(OLS)http://pul/title/36741 996 $6260$aNapoli :$bMorano$9(OLS)http://pul/publisher/49701 LEADER 01315nam a2200301 a 4500 001 000000128466 003 CaOOAMICUS 005 20120420114859.0 008 120420s2012 it a 000 0 ita r 040 $aPUL$bita 082 04$a709.45 245 00$aBoccioni /$cpresentazione di Aldo Palazzeschi. 250 $aEd. speciale per il Corriere della Sera. 260 $aMilano :$bSkira,$c2012$aMilano :$bR.C.S. Quotidiani,$c2012$aMilano :$bR.C.S. Libri,$c2012. 300 $a189 p. :$bill. ;$c21 cm 490 1 $aI classici dell'arte ;$v60 600 14$aBoccioni, Umberto,$d1882-1916.$0(OLS)http://pul/subject/24679 700 1 $aPalazzeschi, Aldo,$d1885-1974.$0(OLS)http://pul/name/65419 830 0$aClassici dell'arte ;$v60.$0(OLS)http://pul/title/157612 850 $aPUL 852 $aPUL$W1$xDP2 Cons. Gen., Altre Classi 3$y97$m709. 45 COLL 2.60$j148782$qDDC 21$B147316$CPULBib$Z2$F147316 $H119477 $82 941 1 $a9 996 $6082$a709.45$9(OLS)http://pul/classification/1904 996 $6245$aBoccioni$9(OLS)http://pul/title/162345 996 $6260$aMilano :$bSkira$9(OLS)http://pul/publisher/81335 996 $6260$aMilano :$bR.C.S. Quotidiani$9(OLS)http://pul/publisher/79195 996 $6260$aMilano :$bR.C.S. Libri$9(OLS)http://pul/publisher/74600